Empathy, emotional expressiveness and prosocial behavior (Record no. 67656)

MARC details
000 -CABECERA
campo de control de longitud fija 00586nam a2200217 a 4500
005 - FECHA Y HORA DE LA ÚLTIMA TRANSACCIÓN
campo de control 20210219153052.0
008 - ELEMENTOS DE LONGITUD FIJA--INFORMACIÓN GENERAL
campo de control de longitud fija 991125n 000 0 eng u
035 ## - NÚMERO DE CONTROL DEL SISTEMA
Número de control de sistema UPN01000075753
100 ## - ASIENTO PRINCIPAL--NOMBRE PERSONAL
Nombre de persona ROBERTS, William
222 ## - TÍTULO CLAVE
Título clave CHILD DEVELOPMENT
245 ## - MENCIÓN DE TÍTULO
Título Empathy, emotional expressiveness and prosocial behavior
300 ## - DESCRIPCIÓN FÍSICA
Extensión 449-470
362 ## - FECHAS DE PUBLICACIÓN Y/O DESIGNACIÓN SECUENCIAL
Fecha de publicación y/o designación secuencial 1996 Vol.67, no.2, apr.
653 0# - TERMINO DE INDIZACION - NO CONTROLADO
Término no controlado CONDUCTA
653 0# - TERMINO DE INDIZACION - NO CONTROLADO
Término no controlado EMPATIA
653 0# - TERMINO DE INDIZACION - NO CONTROLADO
Término no controlado RESPUESTA EMOCIONAL
653 0# - TERMINO DE INDIZACION - NO CONTROLADO
Término no controlado SOLUCION DE PROBLEMAS
700 ## - ASIENTO SECUNDARIO--NOMBRE DE PERSONAL
Nombre de persona STRAYER, Janet, coaut.
904 ## - ELEMENTOS DE DATOS D LOCAL, LDD (RLIN)
a AC
b 013564
905 ## - TIPO DE MATERIAL
Tipo de material Articulo

No items available.